[Event "URS-ch sf"]
[Site "Volgodonsk"]
[Date "1983.??.??"]
[Round "?"]
[White "Dolmatov, Sergey"]
[Black "Razuvaev, Yuri"]
[Result "1/2-1/2"]
[WhiteElo "2550"]
[BlackElo "2520"]
[PlyCount "94"]
[EventDate "1983.09.??"]
[EventType "tourn"]
[EventRounds "17"]
[EventCountry "URS"]
[EventCategory "6"]
[SourceTitle "MCD"]
[Source "ChessBase"]
[SourceDate "1999.07.01"]
[SourceVersion "1"]
[SourceVersionDate "1999.07.01"]
[SourceQuality "1"]

1. e4 c5 2. Nf3 e6 3. d4 cxd4 4. Nxd4 Nf6 5. Nc3 d6 6. Be2 Be7 7. O-O O-O 8. f4
Nc6 9. Be3 Bd7 10. Ndb5 Be8 11. a4 a6 12. Nd4 Nxd4 13. Qxd4 Bc6 14. a5 d5 15.
e5 Nd7 16. b4 f6 17. Bg4 f5 18. Be2 Nb8 19. Rac1 Be8 20. Na2 Bb5 21. c4 dxc4
22. Bxc4 Qxd4 23. Bxd4 Bxc4 24. Rxc4 Nc6 25. Bb6 g5 26. g3 gxf4 27. gxf4 Kf7
28. h3 Rg8+ 29. Kh2 Rac8 30. Rfc1 Bh4 31. R1c2 Ne7 32. Rxc8 Rxc8 33. Rxc8 Nxc8
34. Bc5 Ne7 35. Nc1 Nd5 36. Nd3 Bd8 37. Kg3 b6 38. axb6 Nxb6 39. Ne1 Nd5 40.
Nc2 Ke8 41. Ne1 Nc3 42. Kf3 Ne4 43. Be3 Kd7 44. Ke2 Nc3+ 45. Kd3 Nd5 46. Bd2 h6
47. Ke2 Ne7 1/2-1/2

[Event "URS-ch sf"]
[Site "Volgodonsk"]
[Date "1983.??.??"]
[Round "?"]
[White "Petrushin, Alexander"]
[Black "Dolmatov, Sergey"]
[Result "1-0"]
[WhiteElo "2415"]
[BlackElo "2550"]
[PlyCount "75"]
[EventDate "1983.09.??"]
[EventType "tourn"]
[EventRounds "17"]
[EventCountry "URS"]
[EventCategory "6"]
[SourceTitle "MCD"]
[Source "ChessBase"]
[SourceDate "1999.07.01"]
[SourceVersion "1"]
[SourceVersionDate "1999.07.01"]
[SourceQuality "1"]

1. e4 e6 2. d4 d5 3. Nc3 Bb4 4. e5 c5 5. a3 Bxc3+ 6. bxc3 Ne7 7. Nf3 Bd7 8.
dxc5 Qa5 9. Bd3 Na6 10. O-O Nxc5 11. Rb1 h6 12. Rb4 O-O-O 13. Nd4 Kb8 14. Qg4
Nxd3 15. cxd3 Rhg8 16. Be3 Ka8 17. Qf3 Rgf8 18. Nb3 Qc7 19. Bc5 Bc6 20. Nd4
Rde8 21. Rfb1 b6 22. Bxb6 axb6 23. Rxb6 Qa7 24. Nxc6 Nxc6 25. Rxc6 Rb8 26. Rf1
Qb7 27. Rc5 Qa7 28. Rc4 Rb3 29. g3 Rd8 30. Rf4 Rd7 31. c4 Rxa3 32. cxd5 exd5
33. e6 fxe6 34. Rf8+ Kb7 35. Rb1+ Ka6 36. Rbb8 Qc5 37. Ra8+ Ra7 38. Qf7 1-0

[Event "URS-ch sf"]
[Site "Volgodonsk"]
[Date "1983.??.??"]
[Round "?"]
[White "Zakharov, Aleksandr"]
[Black "Dolmatov, Sergey"]
[Result "0-1"]
[WhiteElo "2380"]
[BlackElo "2550"]
[PlyCount "76"]
[EventDate "1983.09.??"]
[EventType "tourn"]
[EventRounds "17"]
[EventCountry "URS"]
[EventCategory "6"]
[SourceTitle "MCD"]
[Source "ChessBase"]
[SourceDate "1999.07.01"]
[SourceVersion "1"]
[SourceVersionDate "1999.07.01"]
[SourceQuality "1"]

1. d4 f5 2. Nf3 d6 3. Nc3 Nf6 4. Bg5 Nbd7 5. e3 g6 6. Bc4 c6 7. Ne2 Nb6 8. Bb3
Bg7 9. Nf4 Nfd5 10. h4 a5 11. a3 a4 12. Ba2 Nxf4 13. Bxf4 h6 14. c4 Be6 15. Qe2
Nd7 16. O-O-O Nf6 17. Kb1 Qa5 18. Ne1 O-O 19. f3 b5 20. cxb5 Bxa2+ 21. Kxa2
cxb5 22. Nd3 Nd5 23. e4 fxe4 24. Qxe4 b4 25. Bd2 Nc3+ 26. bxc3 bxc3 27. Bc1 c2
28. Rde1 Qc3 29. Bb2 Qc4+ 30. Ka1 Kh8 31. Nb4 Rab8 32. Rc1 Rxb4 33. axb4 a3 34.
Rxc2 axb2+ 35. Kb1 Qa6 36. Rxb2 Ra8 37. Rd1 Qa1+ 38. Kc2 Rc8+ 0-1

[Event "URS Army-chT"]
[Site "Alma-Ata"]
[Date "1983.11.??"]
[Round "?"]
[White "Dolmatov, Sergey"]
[Black "Lputian, Smbat"]
[Result "0-1"]
[WhiteElo "2550"]
[BlackElo "2510"]
[PlyCount "82"]
[EventDate "1983.11.??"]
[EventType "team-tourn"]
[EventRounds "13"]
[EventCountry "URS"]
[SourceTitle "EXT 2011"]
[Source "ChessBase"]
[SourceDate "2010.11.26"]
[SourceVersion "1"]
[SourceVersionDate "2010.11.26"]
[SourceQuality "1"]

1. e4 e6 2. d4 d5 3. Nc3 Bb4 4. e5 c5 5. a3 Ba5 6. b4 cxd4 7. Nb5 Bc7 8. f4 Ne7
9. Nf3 Bd7 10. Nbxd4 Nbc6 11. c3 Nxd4 12. cxd4 O-O 13. Be2 Nc8 14. O-O Nb6 15.
a4 a6 16. Bd3 f5 17. exf6 Rxf6 18. Ne5 Rc8 19. Ra3 Nc4 20. Qh5 h6 21. Bxc4 Be8
22. Qg4 dxc4 23. Rg3 Qe7 24. d5 c3 25. dxe6 Rxe6 26. h3 c2 27. Bb2 Bxe5 28.
fxe5 Bxa4 29. Kh2 Bd7 30. Qe4 Bb5 31. Rc1 Rc4 32. Qd3 Rcc6 33. Qb3 Be2 34. b5
axb5 35. Ba3 Qf7 36. Bd6 h5 37. Qb4 Rc4 38. Qd2 h4 39. Ra3 Bd1 40. Ra8+ Kh7 41.
Rf8 Qg6 0-1

[Event "URS-ch FL52"]
[Site "Sverdlovsk"]
[Date "1984.??.??"]
[Round "?"]
[White "Dolmatov, Sergey"]
[Black "Chernin, Alexander"]
[Result "1-0"]
[WhiteElo "2540"]
[BlackElo "2475"]
[PlyCount "149"]
[EventDate "1984.11.??"]
[EventType "tourn"]
[EventRounds "15"]
[EventCountry "URS"]
[EventCategory "9"]
[SourceTitle "MCL"]
[Source "ChessBase"]
[SourceDate "1999.07.01"]
[SourceVersion "1"]
[SourceVersionDate "1999.07.01"]
[SourceQuality "1"]

1. e4 d6 2. d4 Nf6 3. Nc3 g6 4. f4 Bg7 5. Nf3 c5 6. Bb5+ Bd7 7. e5 Ng4 8. Bxd7+
Qxd7 9. d5 dxe5 10. h3 e4 11. Nxe4 Nf6 12. Nxf6+ Bxf6 13. O-O O-O 14. Be3 e6
15. Bxc5 Rd8 16. Bd4 Bxd4+ 17. Qxd4 Qxd5 18. Qxd5 Rxd5 19. Rad1 Nc6 20. Rxd5
exd5 21. Rd1 Rd8 22. g4 f6 23. Kf2 Kf7 24. c3 Na5 25. Nd4 Nc4 26. Kf3 Rd7 27.
b3 Na5 28. f5 Nc6 29. Ne2 gxf5 30. gxf5 Ne7 31. Kf4 Rc7 32. Rd3 Rc8 33. Nd4 Rg8
34. Nb5 Rg2 35. Nd6+ Kf8 36. a4 Rb2 37. c4 dxc4 38. Nxc4 Rf2+ 39. Kg3 Rc2 40.
Rd8+ Kg7 41. Rd7 Kf8 42. Rxb7 Nxf5+ 43. Kf4 Nd4 44. Nd6 Rc6 45. Nf5 Ne6+ 46.
Kg4 Rc7 47. Rxc7 Nxc7 48. Nd4 Na6 49. Nc6 Nc5 50. Nxa7 Nxb3 51. Nb5 Kf7 52. Kf5
Ke7 53. h4 Kf7 54. Nd6+ Ke7 55. Nc4 Nd4+ 56. Ke4 Ne6 57. a5 Nc7 58. Kf5 Na6 59.
Nd2 Nb4 60. Ne4 Nc6 61. a6 Nd4+ 62. Kf4 Nb5 63. Kf5 Nd4+ 64. Kg4 Nc6 65. Nc3
Ke6 66. Nb5 f5+ 67. Kf4 Kf6 68. Nd6 Ke6 69. Nxf5 Kd7 70. Kg5 Kc7 71. Kh6 Kb6
72. Kxh7 Kxa6 73. h5 Ne5 74. Ne3 Nf3 75. Kg6 1-0

[Event "URS-ch FL52"]
[Site "Sverdlovsk"]
[Date "1984.??.??"]
[Round "?"]
[White "Dolmatov, Sergey"]
[Black "Gavrikov, Viktor"]
[Result "1/2-1/2"]
[WhiteElo "2540"]
[BlackElo "2505"]
[PlyCount "41"]
[EventDate "1984.11.??"]
[EventType "tourn"]
[EventRounds "15"]
[EventCountry "URS"]
[EventCategory "9"]
[SourceTitle "MCL"]
[Source "ChessBase"]
[SourceDate "1999.07.01"]
[SourceVersion "1"]
[SourceVersionDate "1999.07.01"]
[SourceQuality "1"]

1. d4 Nf6 2. Nf3 g6 3. Nc3 d5 4. Bf4 Bg7 5. Qd2 Ne4 6. Nxe4 dxe4 7. Ng5 h6 8.
Nxe4 g5 9. Be5 f6 10. Bg3 f5 11. Nxg5 hxg5 12. Qxg5 Qxd4 13. Qg6+ Kf8 14. Rd1
Qb4+ 15. c3 Bxc3+ 16. bxc3 Qxc3+ 17. Rd2 Qc1+ 18. Rd1 Qc3+ 19. Rd2 Qc1+ 20. Rd1
Qc3+ 21. Rd2 1/2-1/2

[Event "URS-ch FL52"]
[Site "Sverdlovsk"]
[Date "1984.??.??"]
[Round "?"]
[White "Dolmatov, Sergey"]
[Black "Kupreichik, Viktor"]
[Result "1-0"]
[WhiteElo "2540"]
[BlackElo "2480"]
[PlyCount "85"]
[EventDate "1984.11.??"]
[EventType "tourn"]
[EventRounds "15"]
[EventCountry "URS"]
[EventCategory "9"]
[SourceTitle "MCL"]
[Source "ChessBase"]
[SourceDate "1999.07.01"]
[SourceVersion "1"]
[SourceVersionDate "1999.07.01"]
[SourceQuality "1"]

1. e4 e5 2. Nf3 Nc6 3. Bc4 Nf6 4. d3 Be7 5. O-O O-O 6. Bb3 d6 7. c3 Bg4 8. h3
Bh5 9. Re1 Nd7 10. Be3 Bxf3 11. Qxf3 Bg5 12. Ba4 Bxe3 13. Qxe3 Ne7 14. d4 f5
15. Nd2 Kh8 16. Bxd7 Qxd7 17. dxe5 dxe5 18. Nf3 Ng6 19. Rad1 Qe7 20. Rd5 fxe4
21. Qxe4 Rf4 22. Qe3 e4 23. Ne5 Raf8 24. Nxg6+ hxg6 25. Re2 Qf7 26. c4 b6 27.
b3 Re8 28. Red2 Rf5 29. Rd7 Re7 30. Rxe7 Qxe7 31. Qd4 Re5 32. Qd8+ Kh7 33. Qxe7
Rxe7 34. Kf1 g5 35. Ke2 c5 36. Rd6 g6 37. Rd5 Kh6 38. g3 Kh5 39. h4 Kh6 40.
Rxg5 Kg7 41. Rg4 Kf6 42. Ke3 Rd7 43. Rf4+ 1-0

[Event "URS-ch FL52"]
[Site "Sverdlovsk"]
[Date "1984.??.??"]
[Round "?"]
[White "Gurgenidze, Bukhuti"]
[Black "Dolmatov, Sergey"]
[Result "1/2-1/2"]
[WhiteElo "2540"]
[BlackElo "2540"]
[PlyCount "43"]
[EventDate "1984.11.??"]
[EventType "tourn"]
[EventRounds "15"]
[EventCountry "URS"]
[EventCategory "9"]
[SourceTitle "MCL"]
[Source "ChessBase"]
[SourceDate "1999.07.01"]
[SourceVersion "1"]
[SourceVersionDate "1999.07.01"]
[SourceQuality "1"]

1. d4 d5 2. Bg5 c6 3. Nd2 Bf5 4. e3 h6 5. Bh4 Qb6 6. Nb3 e6 7. Bd3 Be7 8. Bxf5
exf5 9. Nf3 Qd8 10. Bxe7 Nxe7 11. Qd3 Nd7 12. c4 dxc4 13. Qxc4 O-O 14. O-O Nd5
15. Qc2 Qf6 16. Na5 Rab8 17. a3 Rfe8 18. b4 a6 19. Rab1 Re6 20. Nc4 g6 21. Nfe5
Qe7 22. Nxd7 1/2-1/2

[Event "URS-ch FL52"]
[Site "Sverdlovsk"]
[Date "1984.??.??"]
[Round "?"]
[White "Rashkovsky, Nukhim"]
[Black "Dolmatov, Sergey"]
[Result "1/2-1/2"]
[WhiteElo "2400"]
[BlackElo "2540"]
[PlyCount "37"]
[EventDate "1984.11.??"]
[EventType "tourn"]
[EventRounds "15"]
[EventCountry "URS"]
[EventCategory "9"]
[SourceTitle "MCL"]
[Source "ChessBase"]
[SourceDate "1999.07.01"]
[SourceVersion "1"]
[SourceVersionDate "1999.07.01"]
[SourceQuality "1"]

1. d4 d5 2. c4 c6 3. cxd5 cxd5 4. Nf3 Nf6 5. Nc3 Nc6 6. Bf4 Bf5 7. e3 e6 8. Bb5
Nd7 9. Qa4 Rc8 10. O-O a6 11. Bxc6 Rxc6 12. Rfc1 Be7 13. Ne2 Qb6 14. Rxc6 bxc6
15. Rc1 Bd3 16. Qd1 Bg6 17. Qa4 Bd3 18. Qd1 Bg6 19. Qa4 1/2-1/2

[Event "Tallinn"]
[Site "Tallinn"]
[Date "1985.??.??"]
[Round "?"]
[White "Karolyi, Tibor Jr"]
[Black "Dolmatov, Sergey"]
[Result "0-1"]
[WhiteElo "2445"]
[BlackElo "2540"]
[Annotator "Dolmatov"]
[PlyCount "46"]
[EventDate "1985.02.??"]
[EventType "tourn"]
[EventRounds "15"]
[EventCountry "URS"]
[EventCategory "9"]
[SourceTitle "MCL"]
[Source "ChessBase"]
[SourceDate "1999.07.01"]
[SourceVersion "1"]
[SourceVersionDate "1999.07.01"]
[SourceQuality "1"]

1. d4 f5 2. Nf3 Nf6 3. g3 g6 4. b3 Bg7 5. Bb2 c5 $6 (5... O-O 6. Bg2 d6 7. O-O
Ne4 $10) 6. Bg2 (6. c4 $2 Ne4 7. Bg2 Qa5+ 8. Nbd2 Nc6 $40) 6... cxd4 7. O-O O-O
8. Nxd4 d5 9. e3 $2 (9. Nf3 $1 Nc6 10. c4 $1 dxc4 11. Nbd2 $13) 9... Re8 10.
Na3 e5 11. Ne2 Nc6 $15 12. c4 Be6 13. cxd5 (13. Nc3 e4 14. Nxd5 Nxd5 15. Bxg7
Nxe3 16. fxe3 Kxg7 $17) 13... Bxd5 14. Bxd5+ Qxd5 15. Qxd5+ Nxd5 16. Nc2 (16.
Nc4 $6 Rad8 17. Rfd1 b5 18. Na3 a6 $17) 16... Rad8 17. Rad1 (17. Rfd1 $1 Kf7
18. h4 Ke6 19. f3 Ncb4 20. Nxb4 Nxb4 $17) 17... Kf7 18. Nc1 $6 (18. h4 $5)
18... g5 $1 19. Rfe1 (19. Rd2 $1 Ke6 20. Rfd1 g4 21. h3 h5 $17) 19... Nf6 $1
20. Kf1 $6 (20. f3 h5 21. Kf2 g4 $17) 20... g4 21. Nd3 Ne4 22. h4 gxh3 23. Ke2
(23. Kg1 Re6 24. Kh2 Red6 $19) 23... Rd6 (23... Rd6 24. Rh1 Red8 25. Rxh3 Rxd3
26. Rxd3 Rxd3 27. Kxd3 Nxf2+ $19) 0-1

[Event "Tallinn"]
[Site "Tallinn"]
[Date "1985.??.??"]
[Round "?"]
[White "Yrjola, Jouni"]
[Black "Dolmatov, Sergey"]
[Result "0-1"]
[WhiteElo "2500"]
[BlackElo "2540"]
[PlyCount "88"]
[EventDate "1985.02.??"]
[EventType "tourn"]
[EventRounds "15"]
[EventCountry "URS"]
[EventCategory "9"]
[SourceTitle "MCL"]
[Source "ChessBase"]
[SourceDate "1999.07.01"]
[SourceVersion "1"]
[SourceVersionDate "1999.07.01"]
[SourceQuality "1"]

1. d4 e6 2. c4 Nf6 3. Nc3 Bb4 4. e3 c5 5. Nge2 cxd4 6. exd4 d5 7. c5 Ne4 8. Bd2
Nxd2 9. Qxd2 a5 10. a3 Bxc3 11. Nxc3 a4 12. Rc1 Bd7 13. Bd3 b6 14. O-O O-O 15.
f4 Qf6 16. Kh1 bxc5 17. dxc5 g6 18. Ne2 Rc8 19. Rf3 Ra7 20. f5 exf5 21. g4 Nc6
22. gxf5 Ne5 23. Rff1 Nxd3 24. Qxd3 Bxf5 25. Rxf5 Qxf5 26. Qxf5 gxf5 27. Nd4
Rac7 28. c6 Rb8 29. Rc2 Kg7 30. Kg2 Kf6 31. Kf3 Ke5 32. Ke3 f4+ 33. Kd3 Rb6 34.
Re2+ Kd6 35. Rf2 Rb8 36. Rc2 Rb6 37. Rf2 h6 38. Rc2 Rcxc6 39. Nxc6 Rxc6 40. Rg2
Ke5 41. Re2+ Kf5 42. Re7 f6 43. Rd7 Re6 44. Rxd5+ Re5 0-1

[Event "Moscow-A"]
[Site "Moscow"]
[Date "1985.??.??"]
[Round "?"]
[White "Dolmatov, Sergey"]
[Black "Rodriguez Cespedes, Amador"]
[Result "1-0"]
[WhiteElo "2540"]
[BlackElo "2505"]
[PlyCount "115"]
[EventDate "1985.04.??"]
[EventType "tourn"]
[EventRounds "11"]
[EventCountry "URS"]
[EventCategory "13"]
[SourceTitle "MCL"]
[Source "ChessBase"]
[SourceDate "1999.07.01"]
[SourceVersion "1"]
[SourceVersionDate "1999.07.01"]
[SourceQuality "1"]

1. e4 c6 2. d4 d5 3. exd5 cxd5 4. c4 Nf6 5. Nc3 e6 6. Nf3 Bb4 7. Bd3 O-O 8. O-O
dxc4 9. Bxc4 Nbd7 10. Bd3 b6 11. Bg5 Bb7 12. Rc1 Be7 13. Bb1 Re8 14. Qd3 Nf8
15. Ne5 Ng6 16. a3 Nxe5 17. dxe5 Qxd3 18. Bxd3 Nd5 19. Bxe7 Rxe7 20. Nxd5 Bxd5
21. Ba6 Rd8 22. Rfd1 f6 23. exf6 gxf6 24. f3 Rdd7 25. Rc8+ Kg7 26. Bb5 Rc7 27.
Rc1 Rxc1+ 28. Rxc1 f5 29. Kf2 Kf6 30. Ke3 e5 31. g3 Kg5 32. Rd1 f4+ 33. Kf2 Bb7
34. Rd6 fxg3+ 35. Kxg3 Rg7 36. Bd3 Kh5+ 37. Kf2 Rf7 38. Be2 Kh4 39. Ke3 Kh3 40.
Re6 Kxh2 41. Rxe5 Kg3 42. Rg5+ Kh4 43. f4 Bc8 44. Bf3 h6 45. Rg1 Bh3 46. Bd5
Rd7 47. Be4 Bg4 48. Rh1+ Kg3 49. f5 h5 50. Rg1+ Kh2 51. Rf1 Kg3 52. f6 Be6 53.
Rg1+ Kh2 54. Rh1+ Kg3 55. Rxh5 Kg4 56. Bf3+ Kg3 57. Rg5+ Kh4 58. Rg7 1-0

[Event "URS-ch sf"]
[Site "Kostroma"]
[Date "1985.??.??"]
[Round "1"]
[White "Dolmatov, Sergey"]
[Black "Yandemirov, Valeri"]
[Result "1-0"]
[WhiteElo "2540"]
[BlackElo "2200"]
[PlyCount "103"]
[EventDate "1985.07.??"]
[SourceTitle "MCD"]
[Source "ChessBase"]
[SourceDate "1999.07.01"]
[SourceVersion "1"]
[SourceVersionDate "1999.07.01"]
[SourceQuality "1"]

1. e4 e5 2. Nf3 Nc6 3. Bc4 Nf6 4. d3 Be7 5. O-O O-O 6. c3 d5 7. exd5 Nxd5 8.
Re1 Bg4 9. h3 Bh5 10. Nbd2 Nb6 11. Bb5 Bd6 12. a4 a6 13. Bxc6 bxc6 14. Ne4 f5
15. Ng3 Bg6 16. a5 Nd7 17. b4 Qf6 18. Bg5 Qf7 19. Bd2 Rae8 20. Nh4 e4 21. Nxg6
Qxg6 22. dxe4 fxe4 23. Be3 Ne5 24. Qh5 Qxh5 25. Nxh5 Nd3 26. Re2 c5 27. bxc5
Nxc5 28. Ng3 Nb3 29. Ra4 Bxg3 30. fxg3 Rf5 31. Rea2 Rd5 32. Kf2 Nc5 33. R4a3
Nd3+ 34. Ke2 Rb5 35. Ra4 Rb1 36. g4 Nc1+ 37. Bxc1 Rxc1 38. Kd2 Rg1 39. Ke3 c5
40. Re2 g5 41. Rxe4 Rxe4+ 42. Kxe4 Ra1 43. Kf5 Rxa5 44. Kf6 Kf8 45. Re7 Ra2 46.
Rxh7 Ke8 47. Kxg5 Rxg2 48. h4 Rc2 49. Ra7 Rxc3 50. h5 c4 51. h6 Rh3 52. h7 1-0

[Event "URS-ch sf"]
[Site "Kostroma"]
[Date "1985.??.??"]
[Round "2"]
[White "Malevinsky, Alexander"]
[Black "Dolmatov, Sergey"]
[Result "0-1"]
[WhiteElo "2395"]
[BlackElo "2540"]
[PlyCount "94"]
[EventDate "1985.07.??"]
[SourceTitle "MCD"]
[Source "ChessBase"]
[SourceDate "1999.07.01"]
[SourceVersion "1"]
[SourceVersionDate "1999.07.01"]
[SourceQuality "1"]

1. e4 e6 2. d3 c5 3. Nf3 d5 4. Nbd2 Nc6 5. g3 Bd6 6. Bg2 Nge7 7. O-O O-O 8. Re1
Bc7 9. c3 b6 10. Nf1 a5 11. exd5 Nxd5 12. d4 Bb7 13. dxc5 bxc5 14. Ne3 Nb6 15.
Qc2 h6 16. Nd2 a4 17. Nec4 Nd5 18. Ne4 Qe7 19. f4 Rfd8 20. Qf2 Na5 21. Ne3 Bb6
22. Nxd5 exd5 23. Nd2 Qc7 24. Nf3 d4 25. f5 Qc6 26. Ne5 Qxg2+ 27. Qxg2 Bxg2 28.
Kxg2 c4 29. Bd2 Rd5 30. f6 gxf6 31. Ng4 Kg7 32. Bxh6+ Kg6 33. Bd2 Rb5 34. Rab1
Rd8 35. Nf2 Nc6 36. Nh3 Ba5 37. Nf4+ Kh7 38. Red1 Rdb8 39. b4 axb3 40. a4 Rf5
41. Rdc1 Ne5 42. h3 Rxf4 43. gxf4 Nd3 44. cxd4 Nxc1 45. Bxa5 Na2 46. d5 c3 47.
Re1 b2 0-1

[Event "URS-ch sf"]
[Site "Kostroma"]
[Date "1985.??.??"]
[Round "3"]
[White "Dolmatov, Sergey"]
[Black "Malaniuk, Vladimir"]
[Result "1/2-1/2"]
[WhiteElo "2540"]
[BlackElo "2465"]
[PlyCount "113"]
[EventDate "1985.07.??"]
[SourceTitle "MCD"]
[Source "ChessBase"]
[SourceDate "1999.07.01"]
[SourceVersion "1"]
[SourceVersionDate "1999.07.01"]
[SourceQuality "1"]

1. d4 Nf6 2. c4 d6 3. Nc3 Nbd7 4. e4 e5 5. Nf3 Be7 6. Be2 c6 7. O-O O-O 8. Qc2
a6 9. Be3 Re8 10. Rad1 Qc7 11. h3 Bf8 12. a3 b5 13. cxb5 cxb5 14. d5 Nb6 15.
Nd2 Bd7 16. Rc1 Rec8 17. Qb1 Qb8 18. Rc2 Be7 19. b3 Bd8 20. Rfc1 Be8 21. Na2
Rxc2 22. Rxc2 Qb7 23. a4 Nbd7 24. axb5 axb5 25. b4 Bb6 26. Qb3 Nb8 27. Bf1 Bd7
28. Qd3 Ra4 29. Rb2 Na6 30. Be2 Rxa2 31. Rxa2 Nxb4 32. Qa3 Nxa2 33. Bxb6 Qxb6
34. Qxa2 Kf8 35. Bd3 Qd4 36. Qb3 Ke7 37. Kf1 Nh5 38. Ke1 Nf4 39. Bf1 Qc5 40.
Qb2 f5 41. g3 Nh5 42. exf5 Nf6 43. g4 Nxd5 44. Ne4 Qb6 45. Qa3 Qc6 46. Kd2 Nf4
47. Qb4 Qd5+ 48. Kc2 Bc6 49. Nc3 Qf3 50. Bxb5 Qxf2+ 51. Kb3 Bd5+ 52. Bc4 Bxc4+
53. Qxc4 Qb6+ 54. Kc2 Qc5 55. Qg8 Ne2 56. Qxg7+ Kd8 57. Qf8+ 1/2-1/2

[Event "URS-ch sf"]
[Site "Kostroma"]
[Date "1985.??.??"]
[Round "6"]
[White "Klovans, Janis"]
[Black "Dolmatov, Sergey"]
[Result "1/2-1/2"]
[WhiteElo "2435"]
[BlackElo "2540"]
[PlyCount "82"]
[EventDate "1985.07.??"]
[SourceTitle "MCD"]
[Source "ChessBase"]
[SourceDate "1999.07.01"]
[SourceVersion "1"]
[SourceVersionDate "1999.07.01"]
[SourceQuality "1"]

1. e4 e6 2. d4 d5 3. Nc3 Bb4 4. e5 c5 5. a3 Bxc3+ 6. bxc3 Ne7 7. Nf3 Nbc6 8. h4
Qa5 9. Bd2 Bd7 10. h5 h6 11. Rb1 Qc7 12. Bd3 O-O-O 13. Bf4 c4 14. Be2 f5 15.
Kf1 Kb8 16. Qc1 Ka8 17. Nh4 Rc8 18. Qb2 Rhf8 19. Rh3 Rf7 20. Rg3 Be8 21. Ng6
Nxg6 22. Rxg6 Re7 23. Rg3 Qd7 24. Rh3 Rf7 25. Rh1 Nd8 26. g3 Rc6 27. Kg2 Ra6
28. Ra1 Re7 29. Qc1 Bf7 30. Qd2 Qe8 31. Bf3 Rc7 32. Ra2 Qf8 33. Rha1 Rcc6 34.
Be2 Ra5 35. Qd1 Be8 36. Qg1 Rc7 37. Qh1 Qe7 38. Bd2 Nf7 39. f4 Nd8 40. Kf2 Nc6
41. Bf3 Bf7 1/2-1/2

[Event "URS-ch sf"]
[Site "Kostroma"]
[Date "1985.??.??"]
[Round "7"]
[White "Dolmatov, Sergey"]
[Black "Malisauskas, Vidmantas"]
[Result "1-0"]
[WhiteElo "2540"]
[BlackElo "2200"]
[PlyCount "61"]
[EventDate "1985.07.??"]
[SourceTitle "MCD"]
[Source "ChessBase"]
[SourceDate "1999.07.01"]
[SourceVersion "1"]
[SourceVersionDate "1999.07.01"]
[SourceQuality "1"]

1. d4 Nf6 2. c4 g6 3. Nc3 d5 4. cxd5 Nxd5 5. e4 Nxc3 6. bxc3 c5 7. Bc4 Bg7 8.
Ne2 O-O 9. O-O Nc6 10. Be3 Bg4 11. f3 Na5 12. Bd5 cxd4 13. cxd4 Bd7 14. Rb1 a6
15. Bxb7 Nxb7 16. Rxb7 Bb5 17. Re1 Qa5 18. a4 Bxa4 19. Qa1 Rab8 20. Reb1 Rxb7
21. Rxb7 Rc8 22. Rb2 e5 23. Bd2 Qd8 24. Qxa4 exd4 25. Nf4 d3 26. Rb3 Be5 27.
Rxd3 Qb6+ 28. Be3 Qb2 29. Rd2 Qb8 30. g3 Rc1+ 31. Kg2 1-0

[Event "URS-ch sf"]
[Site "Kostroma"]
[Date "1985.??.??"]
[Round "10"]
[White "Dolmatov, Sergey"]
[Black "Zaichik, Gennadi"]
[Result "1-0"]
[WhiteElo "2540"]
[BlackElo "2475"]
[PlyCount "71"]
[EventDate "1985.07.??"]
[SourceTitle "MCD"]
[Source "ChessBase"]
[SourceDate "1999.07.01"]
[SourceVersion "1"]
[SourceVersionDate "1999.07.01"]
[SourceQuality "1"]

1. e4 c5 2. Nf3 d6 3. d4 cxd4 4. Nxd4 Nf6 5. Nc3 a6 6. f4 Qc7 7. a4 e6 8. Be2
Be7 9. O-O Nc6 10. Be3 O-O 11. Kh1 Re8 12. Bf3 Bd7 13. Nb3 Nb4 14. a5 e5 15.
Rf2 exf4 16. Bxf4 Be6 17. Nd4 Nc6 18. Nxc6 bxc6 19. Rd2 Rad8 20. b4 Nd7 21. Be2
Ne5 22. Bxa6 Bf6 23. Ra3 Rb8 24. Be2 Rxb4 25. Rxd6 g5 26. Bg3 h5 27. h3 g4 28.
hxg4 hxg4 29. a6 Kg7 30. Kg1 Ra8 31. Qd2 Qe7 32. Ra5 Bc4 33. Rxf6 Ng6 34. Rd6
Bxe2 35. Qxe2 Rd8 36. Qd2 1-0

[Event "URS-ch sf"]
[Site "Kostroma"]
[Date "1985.??.??"]
[Round "12"]
[White "Dolmatov, Sergey"]
[Black "Aseev, Konstantin"]
[Result "1/2-1/2"]
[WhiteElo "2540"]
[BlackElo "2455"]
[PlyCount "60"]
[EventDate "1985.07.??"]
[SourceTitle "MCD"]
[Source "ChessBase"]
[SourceDate "1999.07.01"]
[SourceVersion "1"]
[SourceVersionDate "1999.07.01"]
[SourceQuality "1"]

1. e4 e5 2. Nf3 Nc6 3. Bc4 Nf6 4. d3 Bc5 5. c3 d6 6. O-O a6 7. Bb3 Ba7 8. Re1
O-O 9. h3 h6 10. Nbd2 Be6 11. Nc4 Bxc4 12. Bxc4 Na5 13. Bb3 Nxb3 14. Qxb3 Qd7
15. Be3 Bxe3 16. Rxe3 c6 17. d4 Qc7 18. Rd1 Rad8 19. Qc2 Rfe8 20. dxe5 dxe5 21.
Rxd8 Rxd8 22. Rd3 Rxd3 23. Qxd3 Qd7 24. Nxe5 Qxd3 25. Nxd3 Nxe4 26. Kf1 Kf8 27.
Ke2 Ke7 28. Ke3 Nd6 29. Kd4 Kd7 30. Ne5+ Ke6 1/2-1/2

[Event "URS-ch sf"]
[Site "Kostroma"]
[Date "1985.??.??"]
[Round "13"]
[White "Kuporosov, Viktor"]
[Black "Dolmatov, Sergey"]
[Result "1/2-1/2"]
[WhiteElo "2355"]
[BlackElo "2540"]
[PlyCount "36"]
[EventDate "1985.07.??"]
[SourceTitle "MCD"]
[Source "ChessBase"]
[SourceDate "1999.07.01"]
[SourceVersion "1"]
[SourceVersionDate "1999.07.01"]
[SourceQuality "1"]

1. e4 e6 2. d4 d5 3. Nd2 Nf6 4. e5 Nfd7 5. f4 c5 6. c3 Nc6 7. Ndf3 cxd4 8. cxd4
Qb6 9. g3 Bb4+ 10. Kf2 g5 11. Be3 f6 12. Bh3 fxe5 13. fxe5 O-O 14. Bg4 Be7 15.
Qd2 Bb4 16. Qd1 Be7 17. Qd2 Bb4 18. Qd1 Be7 1/2-1/2

[Event "URS-ch sf"]
[Site "Kostroma"]
[Date "1985.??.??"]
[Round "15"]
[White "Titov, German"]
[Black "Dolmatov, Sergey"]
[Result "1/2-1/2"]
[WhiteElo "2200"]
[BlackElo "2540"]
[PlyCount "39"]
[EventDate "1985.07.??"]
[SourceTitle "MCD"]
[Source "ChessBase"]
[SourceDate "1999.07.01"]
[SourceVersion "1"]
[SourceVersionDate "1999.07.01"]
[SourceQuality "1"]

1. d4 d5 2. c4 c6 3. cxd5 cxd5 4. Nc3 Nf6 5. Nf3 Nc6 6. Bf4 Bf5 7. e3 e6 8. Bb5
Nd7 9. Qa4 Rc8 10. O-O a6 11. Bxc6 Rxc6 12. Rfc1 Be7 13. Ne2 Qb6 14. Rxc6 bxc6
15. Rc1 Bd3 16. Qd1 Bg6 17. Qa4 Bd3 18. Qd1 Bg6 19. Qa4 Bd3 20. Qd1 1/2-1/2

[Event "URS-ch FL53"]
[Site "Kharkov"]
[Date "1985.??.??"]
[Round "?"]
[White "Dvoirys, Semen"]
[Black "Dolmatov, Sergey"]
[Result "1/2-1/2"]
[WhiteElo "2445"]
[BlackElo "2540"]
[PlyCount "68"]
[EventDate "1985.10.??"]
[EventType "tourn"]
[EventRounds "17"]
[EventCountry "URS"]
[EventCategory "9"]
[SourceTitle "MCL"]
[Source "ChessBase"]
[SourceDate "1999.07.01"]
[SourceVersion "1"]
[SourceVersionDate "1999.07.01"]
[SourceQuality "1"]

1. e4 e6 2. d4 d5 3. Nc3 Bb4 4. exd5 exd5 5. Bd3 Nf6 6. Nge2 O-O 7. O-O Re8 8.
Bg5 c6 9. Ng3 h6 10. Bf4 Bd6 11. Qd2 Bxf4 12. Qxf4 Be6 13. Nd1 Nbd7 14. Ne3 Nf8
15. Nef5 Ng6 16. Qf3 Nh7 17. Rfe1 Nh4 18. Nxh4 Qxh4 19. c3 Nf8 20. Re3 Qg4 21.
Qxg4 Bxg4 22. Rae1 Rxe3 23. Rxe3 g6 24. f4 Bd7 25. f5 Re8 26. Kf2 Rxe3 27. Kxe3
Kg7 28. fxg6 fxg6 29. Ne2 Kf6 30. Nf4 Bf5 31. Be2 Nd7 32. Nd3 Ke6 33. g3 Bxd3
34. Bxd3 g5 1/2-1/2